Statistics for Countries Closest to Jordan - 15 Second Sprint

Click here to take the quiz!

General Stats

  • This quiz has been taken 20 times
  • The average score is 7 of 21

Answer Stats

kmcountry% Correct
0Syria
93%
0Iraq
80%
0Israel
80%
45Lebanon
73%
601Iran
67%
7Egypt
60%
342Turkey
60%
0Saudi Arabia
47%
776Kuwait
27%
887Armenia
20%
0Palestine
20%
868Azerbaijan
13%
1269Bahrain
13%
291Cyprus
13%
937Georgia
7%
1233Bulgaria
0%
1269Eritrea
0%
673Greece
0%
971Libya
0%
1122Russia
0%
802Sudan
0%

Score Distribution

Percentile by Number Answered

Percent of People with Each Score

Your Score History

You have not taken this quiz